Europa Zachodnia - Quiz na mapie - Statystyki

Ogólne statystyki
  • Ten quiz został rozwiązany 24 704 razy
  • Średni wynik to 21 z 24
Odpowiedzi na mapie
Odpowiedzi zakodowano w zielono-czerwonej skali na mapie do tego quizu, zgodnie z poniższymi procentami.
 
Statystyki odpowiedzi
Odpowiedź % Poprawnych
Islandia
93%
Wielka Brytania
93%
Irlandia
92%
Francja
91%
Niemcy
91%
Portugalia
91%
Włochy
91%
Dania
90%
Finlandia
90%
Grecja
90%
Hiszpania
90%
Norwegia
89%
Szwecja
87%
Holandia
86%
Watykan
85%
Malta
84%
Szwajcaria
84%
Austria
82%
Belgia
81%
Monako
80%
Liechtenstein
79%
Luksemburg
79%
San Marino
74%
Andora
72%
Nie znaleziono quizów pasujących do podanych kryteriów
Rozkład punktacji
Procent ludzi z każdym wynikiem
Percentyl według liczby udzielonych odpowiedzi
Twoja historia wyników
Nie rozwiązałeś tego quizu